ბათუმის შოთა რუსთაველის სახელმწიფო უნივერსიტეტის ბიბლიოთეკა

ელექტროტექნიკის თეორიული საფუძვლები : (ბიბ.ჩანაწერი № 58036)

000 -ლიდერი
ფიქსირებული სიგრძის საკონტროლო ველი 00907nam a22001697a 4500
003 - საკონტროლო ნომრის იდენტიფიკატორი
საკონტროლო ველი Ge_BSU
005 - ბოლო ოპერაციის თარიღი და დრო
საკონტროლო ველი 20210518144752.0
008 - ფიქსირებული სიგრძის მონაცემთა ელემენტები - ზოგადი ინფორმაცია
ფიქსირებული სიგრძის საკონტროლო ველი 210518s1969 ge ||||| |||| 00| 0 geo d
041 ## - ენის კოდი
Language code of text/sound track or separate title geo
080 ## - უნივერსალური ათობითი კლასიფიკაციის ინდექსი
Universal Decimal Classification number 621.3.01(076.1) შ-36
100 ## - მთავარი ჩანაწერი - პიროვნების სახელი
Personal name შებესი, მ.
9 (RLIN) 11826
245 ## - ცნობა სათაურის შესახებ
Title ელექტროტექნიკის თეორიული საფუძვლები :
Remainder of title ნაწ. 2 /
Statement of responsibility, etc მ. შებესი.
300 ## - ფიზიკური აღწერა
Extent 343 გვ. :
Other physical details ილ. და ცხრილ.
Dimensions 23 სმ.
653 ## - INDEX TERM--UNCONTROLLED
Uncontrolled term ელექტროტექნიკის თეორია
710 ## - ADDED ENTRY--CORPORATE NAME
Corporate name or jurisdiction name as entry element სსრკ კავშირგაბმლობის სამინისტრო. კავშირგაბმულობის საკავშირო დაუსწრებელი ელექტროტექნიკის ინსტიტუტი.
9 (RLIN) 11827
942 ## - ADDED ENTRY ELEMENTS (KOHA)
Source of classification or shelving scheme
Koha item type წიგნი
ეგზემპლარები
ჩამოწერის სტატუსი დაკარგული ეგზემპლარის სტატუსი კლასიფიკაციის წყარო ან თაროზე გაწყობის სქემა დაზიანების სტატუსი არ გაიცემა მუდმივი მდებარეობა (დაცვის ადგილი) ამჟამინდელი ადგილსამყოფელი თაროზე განთავსების ადგილი შეძენის თარიღი ღირებულება, შესყიდვის ნორმალური ფასი სრული შენახვის შიფრი შტრიხკოდი ბოლო ოპერაციის თარიღი ეგზემპლარის მიმდევრობითი ნომერი (კეტერი?) ფასის ძალაში შესვლის თარიღი ეგზემპლარის სახეობა საჯარო შენიშვნა
          ტექნოლოგიური ფაკულტეტის ბიბლიოთეკა ტექნოლოგიური ფაკულტეტის ბიბლიოთეკა წიგნსაცავი 2021-05-18 2.73 621.3.01(076.1) შ-36 61334 2021-05-18 61334 2021-05-18 წიგნი 2 ლ. 73თ.